004140000a2200133000450024501030000065000170010365000140012065000210013465100240015504100140017970000310019310000270022477300290025110aAprovechamiento de materias primas de origen vegetal subutilizadas en el departamento de Risaralda14aVegetación14aReciclaje14aPlantas útiles 4dRisaraldapColombia0 aEspañol1 aArcila Bonilla, Francia R.1 aMier Uribe, Claudia P.1 tTesis3103q80-120d1996